Manual del promotor y educacor ambiental para el desarrollo sustentable /

Detalles Bibliográficos
Autor principal: Esteva P., Joaquín
Otros Autores: Reyes R., Javier
Formato: Libro
Lenguaje:inglés
Publicado: Mexico Pnuma 1998
Edición:1a. ed.
Materias:
Acceso en línea:

MARC

LEADER 00000cam a2200000 a 4500
001 004508
003 UAHC_CL
005 20170803120041.0
008 010822b xx j 000 1 eng
020 |a 968817422X 
040 |a UAHC_CL  |c UAHC_CL  |d UAHC_CL 
082 0 4 |a 304.2 E79 
100 1 |a Esteva P., Joaquín 
245 1 0 |a Manual del promotor y educacor ambiental para el desarrollo sustentable /  |c Joaquín Esteva P., Javier Reyes R. 
250 |a 1a. ed. 
260 |a Mexico  |b Pnuma  |c 1998 
300 |a 174 p. 
650 4 |a ECOLOGIA  |x ENSEÑANZA 
650 4 |a EDUCACION AMBIENTAL 
650 4 |a PROTECCION DEL MEDIO AMBIENTE 
700 1 |a Reyes R., Javier 
900 |a 304.2 EST 
942 |c BK 
952 |0 0  |1 0  |4 0  |6 304_200000000000000_EST  |7 0  |8 General  |9 10158  |a BC  |b BC  |c General  |d 2017-08-03  |l 1  |o 304.2 EST  |p 1302461  |r 2026-01-13 00:00:00  |s 2019-04-30  |t 1  |w 2017-08-03  |y BK 
999 |c 4508  |d 4508